00609cam a22001817a 4500008004000000020001800040082001300058245008200071260002700153300001000180650002500190650005300215700001800268700002000286700001800306999001900324952008400343180718b2011 xxu||||| |||| 00| 0 eng d a9788178440910 aB3 M687e aEthics in governancecedited by T. K. Mishra, S. P. Aggarwal and B. K. Tiwary aNew DelhibK. K.c2011 a288p. aCivil service ethics aPublic administration -Moral and ethical aspects aTiwary, B. K. aAggarwal, S. P. aMishra, T. K. c442891d442891 00104070aIIPAbIIPAd2012-07-10oB3 M687ep84668r2019-10-30w2018-07-21yBK